000 00593nam a2200229Ia 4500
003 OSt
005 20221005133508.0
006 a|||||r|||| 00| 0
007 ta
008 221004b |||||||| |||| 00| 0 kan d
024 _a61303
037 _cTextual
040 _aCRL
_cCRL
_bkan
041 _2kan
_akan
082 _aO33,3NSI1,7, J8.1
100 _aSitaramshastri Au.
_9642510
245 0 _aYavan vidhohi shivaji
260 _c1958
650 _aKANNAD FICTION
942 _hO33,3NSI1,7, J8.1
_cTEXL
_2cc
999 _c1066996
_d1066996